Statistics for Former Capitals 2#

Click here to take the quiz!

General Stats

  • This quiz has been taken 171 times
    (166 since last reset)
  • The average score is 12 of 16

Answer Stats

Old CapitalCountry% Correct
Rio de JaneiroBrazil
98%
Saint PetersburgRussia
98%
PhiladelphiaUnited States
97%
FlorenceItaly
96%
LagosNigeria
91%
MarrakeshMorocco
87%
PoznańPoland
86%
AdenYemen
83%
IsfahanIran
81%
KharkovUkraine
78%
AlmatyKazakhstan
75%
UppsalaSweden
74%
TainanTaiwan
71%
ParanáArgentina
52%
Al-AskarEgypt
37%
GondarEthiopia
23%

Score Distribution

Percentile by Number Answered

Percent of People with Each Score

Your Score History

You have not taken this quiz since the last reset